[Event "Ruhrgebiet VK playoff 0405"]
[Site "Ruhrgebiet"]
[Date "2005.06.05"]
[Round "2.2"]
[White "Rohmert Peters, Hans Werner"]
[Black "Pahne, Dirk"]
[Result "1/2-1/2"]
[WhiteElo "1904"]
[BlackElo "1995"]
[PlyCount "28"]
[EventDate "2005.05.08"]
[EventType "team"]
[EventRounds "3"]
[EventCountry "GER"]
[SourceTitle "EXT 2006"]
[Source "ChessBase"]
[SourceDate "2005.11.24"]
[SourceVersion "1"]
[SourceVersionDate "2005.11.24"]
[SourceQuality "1"]
[WhiteTeam "Ruettenscheid Rochade"]
[BlackTeam "Eving SV Rochade"]
[WhiteTeamCountry "GER"]
[BlackTeamCountry "GER"]

1. d4 c5 2. Nf3 cxd4 3. Nxd4 g6 4. e4 Bg7 5. Nc3 d6 6. Be3 Nc6 7. Qd2 Nf6 8. f3 a6 9. 0-0-0 Nxd4 10. Bxd4 Be6 11. Kb1 Qa5 12. Nd5 Qxd2 13. Nxf6+ Bxf6 14. Rxd2 Bxd4 1/2-1/2

[Event "Ruhrgebiet VK playoff 0405"]
[Site "Ruhrgebiet"]
[Date "2005.05.08"]
[Round "1.2"]
[White "Rydzewski, Klaus"]
[Black "Rohmert Peters, Hans Werner"]
[Result "1/2-1/2"]
[WhiteElo "1963"]
[BlackElo "1904"]
[PlyCount "82"]
[EventDate "2005.05.08"]
[EventType "team"]
[EventRounds "3"]
[EventCountry "GER"]
[SourceTitle "EXT 2006"]
[Source "ChessBase"]
[SourceDate "2005.11.24"]
[SourceVersion "1"]
[SourceVersionDate "2005.11.24"]
[SourceQuality "1"]
[WhiteTeam "Horst III"]
[BlackTeam "Ruettenscheid Rochade"]
[WhiteTeamCountry "GER"]
[BlackTeamCountry "GER"]

1. e4 d6 2. d4 Nf6 3. Bd3 c5 4. c3 Nc6 5. Ne2 cxd4 6. cxd4 g6 7. Nbc3 Bg7 8. 0-0 0-0 9. Bg5 h6 10. Bh4 Bd7 11. Rc1 Qb6 12. Na4 Qa5 13. Nac3 a6 14. Kh1 b5 15. Nd5 Rfe8 16. Bxf6 exf6 17. b4 Qd8 18. f4 Rc8 19. a4 Ne7 20. Rxc8 Nxc8 21. a5 Ne7 22. Nec3 Bc6 23. Nxe7+ Qxe7 24. d5 Bd7 25. f5 Qe5 26. Qd2 Rc8 27. Ne2 gxf5 28. exf5 Qxd5 29. Nf4 Qd4 30. Qd1 Rc3 31. Qf3 Bxf5 32. Ne2 Qxd3 33. Nxc3 Qxf3 34. Rxf3 Be6 35. Rd3 f5 36. Nd5 Be5 37. g3 Kf8 38. Kg2 Bc8 39. Kf2 Ke8 40. Ke3 Bb7 41. Kd2 Kd7 1/2-1/2

[Event "Ruhrgebiet VK2 0304"]
[Site "Ruhrgebiet"]
[Date "2003.09.28"]
[Round "1.1"]
[White "Rohmert Peters, Hans Werner"]
[Black "Heimsoth, Sven Holger"]
[Result "0-1"]
[WhiteElo "1941"]
[BlackElo "2103"]
[PlyCount "70"]
[EventDate "2003.09.28"]
[EventType "team"]
[EventRounds "9"]
[EventCountry "GER"]
[SourceTitle "EXT 2007"]
[Source "ChessBase"]
[SourceDate "2006.11.23"]
[SourceVersion "1"]
[SourceVersionDate "2006.11.23"]
[SourceQuality "1"]
[WhiteTeam "Ruettenscheid Rochade"]
[BlackTeam "Muelheim Nord III"]
[WhiteTeamCountry "GER"]
[BlackTeamCountry "GER"]

1. d4 e6 2. c4 Nf6 3. Nc3 Bb4 4. e3 b6 5. Nf3 Bb7 6. Bd3 0-0 7. 0-0 Bxc3 8. bxc3 d6 9. Qc2 Bxf3 10. gxf3 Nbd7 11. f4 Re8 12. e4 e5 13. f5 Nh5 14. Be2 Qh4 15. Bxh5 Qxh5 16. f4 Nf6 17. fxe5 dxe5 18. Qg2 exd4 19. e5 Ng4 20. cxd4 Rad8 21. h3 Rxd4 22. Qf3 Qh4 23. Bf4 Nxe5 24. Bxe5 Rxe5 25. Rad1 h6 26. Rxd4 Qxd4+ 27. Kh2 Qxc4 28. Rf2 Qe4 29. Qd1 Rxf5 30. Qd8+ Kh7 31. Rxf5 Qxf5 32. Qxc7 Qf2+ 33. Kh1 Qxa2 34. Qd7 Qe6 35. Qd3+ g6 0-1